[Event "SVK-chT5 SE-SI 1213"]
[Site "Slovakia"]
[Date "2013.03.23"]
[Round "14.4"]
[White "Kaufman, Robert"]
[Black "Tomasovic, Pavol"]
[Result "0-1"]
[WhiteElo "1041"]
[BlackElo "1304"]
[PlyCount "86"]
[EventDate "2012.10.06"]
[EventType "team-tourn"]
[EventRounds "14"]
[EventCountry "SVK"]
[SourceTitle "EXT 2022"]
[Source "ChessBase"]
[SourceDate "2021.10.06"]
[SourceVersion "1"]
[SourceVersionDate "2021.10.06"]
[SourceQuality "1"]
[WhiteTeam "Senica CVC III"]
[BlackTeam "Stefanov II"]
[WhiteTeamCountry "SVK"]
[BlackTeamCountry "SVK"]

1. e4 e6 2. Nf3 d5 3. Nc3 c5 4. b3 Nc6 5. d4 dxe4 6. Nxe4 cxd4 7. Bb2 Qa5+ 8. c3 dxc3 9. Bxc3 Qd5 10. Qxd5 exd5 11. Nc5 Bxc5 12. Bxg7 f6 13. Bxh8 Nd4 14. Nxd4 Bxd4 15. Rd1 Bc3+ 16. Ke2 Be6 17. Rc1 Be5 18. Bg7 Kf7 19. Bh8 Ne7 20. Bxf6 Kxf6 21. g3 Rd8 22. f4 Bb2 23. Rc7 Bg4+ 24. Kd2 Bf3 25. Bg2 Bxg2 26. Re1 Be4 27. Rxb7 a5 28. g4 Ba3 29. Rb6+ Kf7 30. Kd1 Bf3+ 31. Kc2 Bxg4 32. Rb7 Bf5+ 33. Kd1 Bg4+ 34. Kc2 Rc8+ 35. Kd3 Bf5+ 36. Ke2 Bg4+ 37. Kf2 Bc5+ 38. Kg3 Be6 39. Kh4 Bb4 40. Rg1 Bd2 41. Kg5 Rg8+ 42. Kh6 Rxg1 43. Kxh7 Bxf4 0-1